Testovanie rezných nástrojov pri výrobe komponentu

Enregistré dans:
Détails bibliographiques
Auteur principal: Kollár, Patrik (Auteur)
Autres auteurs: Jurina, František (Directeur de thèse)
Format: Manuscrit Livre
Langue:slovaque
Publié: 2024
Sujets:
Accès en ligne:http://is.stuba.sk/zp/portal_zp.pl?podrobnosti=169295
Tags: Ajouter un tag
Pas de tags, Soyez le premier à ajouter un tag!

MARC

LEADER 00000ntm a22000003a 4500
001 stuzp99102
003 SK-STU
005 20240629212620.8
007 ta
008 150427s2015----xo-----f-mn---000-0-slo-d
040 |a STU  |b slo 
041 0 |a slo 
100 1 |a Kollár, Patrik  |u 063000  |4 aut  |U MTF Materiálovotechnologická fakulta  |T MTF Ústav výrobných technológií  |X 116512  |U M3000  |Y 83  |7 116512 
242 0 1 |a Testing the cutting tools in the production of components  |y eng 
245 1 0 |a Testovanie rezných nástrojov pri výrobe komponentu 
260 |c 2024 
650 4 |a frézovacie nástroje  |2 slo 
650 4 |a výroba formy  |2 slo 
650 4 |a frézovanie  |2 slo 
650 4 |a milling tools  |2 eng 
650 4 |a mould making  |2 eng 
650 4 |a milling  |2 eng 
700 1 |a Jurina, František  |u 063200  |k Z2  |4 ths  |U MTF Ústav výrobných technológií  |T MTF Katedra obrábania a počítačovej podpory technológií  |X 46002  |U M3200  |Y 164  |7 A000046002 
856 4 |u http://is.stuba.sk/zp/portal_zp.pl?podrobnosti=169295 
996 |c M* BP-9779  |l MMSKP  |s P  |a 0  |w stuzp99102_0001